000 00828nam a22002057a 4500
003 JO-AjAnu
005 20240605141919.0
008 240324b jo ||||| |||| 00| 0 ara d
040 _aJO-AjAnu
_cJO-AjAnu
_dJO-AjAnu
041 0 _aeng
050 _aQA248
_b2024
100 1 _aAbo Share'h، Mohammad Basim
_ePrepared
_965094
245 0 _aComplex Shadowed Soft Sets /
_c Prepared Mohammad Basim Abo Share'h Supervisor Abd Ulazaaz Moh'd Jumah S. Alkouri
260 _c2023
300 _a62 ورقة
500 _aرسالة جامعية ( رسالة ماجستير في الرياضيات) - جامعة عجلون الوطنية (عجلون، الاردن)، كلية العلوم، 2023.
650 4 0 _aGroups-Mathematics
_965096
700 0 _aAbd Ulazaaz Moh'd Jumah S. Alkouri
_eSupervisor
_965097
942 _2lcc
_cTHS
_n0
999 _c33327
_d33327